[Event "Solingen-ch 2012"]
[Site "Solingen"]
[Date "2012.09.28"]
[Round "2.14"]
[White "Brinkmann, Katharina"]
[Black "Ehringfeld, Michael"]
[Result "1-0"]
[WhiteElo "1545"]
[BlackElo "1367"]
[PlyCount "107"]
[EventDate "2012.??.??"]
[WhiteTeam "SF Köln-Mülheim"]
[BlackTeam "SG Solingen"]

1. d4 c6 2. c4 d5 3. e3 Bf5 4. Nc3 Nf6 5. Nf3 h6 6. cxd5 Nxd5 7. a3 Nxc3 8.
bxc3 e6 9. Bd3 Bxd3 10. Qxd3 Nd7 11. O-O Qc7 12. c4 Be7 13. e4 Rd8 14. Qc3 c5
15. d5 Bf6 16. e5 Nxe5 17. Bf4 Nxf3+ 18. Qxf3 e5 19. Rae1 O-O 20. Bxh6 Rfe8 21.
Re4 b5 22. Rg4 Qe7 23. cxb5 e4 24. Qb3 Qd7 25. Qg3 g6 26. Bg5 Be7 27. Rxe4 Bd6
28. Rxe8+ Rxe8 29. Qh4 Be5 30. Qc4 Bd4 31. a4 Qf5 32. Be3 Qe4 33. Bxd4 cxd4 34.
d6 Qf4 35. d7 Rd8 36. Qc8 Qf6 37. Re1 Kg7 38. g3 d3 39. Qc7 d2 40. Rd1 Qe7 41.
Qc3+ f6 42. Qxd2 Kf7 43. Qd5+ Kg7 44. Qb7 Qe2 45. Rc1 Qd2 46. Rc7 Qd1+ 47. Kg2
Kh6 48. Qc6 Qd4 49. a5 f5 50. b6 axb6 51. axb6 f4 52. b7 f3+ 53. Qxf3 Qe4 54.
Qxe4 1-0

[Event "Solingen-ch 2012"]
[Site "Solingen"]
[Date "2012.09.28"]
[Round "2.15"]
[White "Schubert, Stefan"]
[Black "Müller, Ernst"]
[Result "0-1"]
[WhiteElo "983"]
[BlackElo "1528"]
[PlyCount "86"]
[EventDate "2012.??.??"]
[WhiteTeam "SG Solingen"]
[BlackTeam "SG Solingen"]

1. d4 d5 2. e3 Nf6 3. Bd3 g6 4. c3 Bg7 5. Ne2 Nbd7 6. O-O c5 7. b3 Qc7 8. f4
Ne4 9. h3 f5 10. Rf3 a6 11. a4 Ndf6 12. Rf1 Be6 13. Bc2 Nh5 14. Qe1 b6 15. Ra2
Bf7 16. Rf3 O-O-O 17. Ra1 cxd4 18. exd4 Rd6 19. Ra3 Rc6 20. Bd3 Kb7 21. b4 Rd6
22. Bc2 e6 23. Bd1 Rc8 24. Bc2 Rd7 25. h4 Nhf6 26. Bd3 Nd6 27. Ng3 Nc4 28. Bxc4
Qxc4 29. Qf1 Qxf1+ 30. Kxf1 Ng4 31. Kg1 Bxd4+ 32. Kh1 Bg7 33. Bb2 h5 34. Nd2
Bf6 35. Ngf1 Bxh4 36. Nh2 Bf6 37. Nxg4 hxg4 38. Rd3 Rdc7 39. Nb1 Rc4 40. g3 Re4
41. Nd2 Re2 42. Kg1 Rh8 43. Bc1 Re1+ 0-1

[Event "Solingen-ch 2012"]
[Site "Solingen"]
[Date "2012.09.28"]
[Round "2.16"]
[White "Weyer, Norbert"]
[Black "Barche, Robert"]
[Result "1/2-1/2"]
[WhiteElo "1519"]
[BlackElo "1107"]
[PlyCount "132"]
[EventDate "2012.??.??"]
[WhiteTeam "Mettmann-Sport"]
[BlackTeam "SG Solingen"]

1. d4 e6 2. c4 b6 3. Nc3 Bb7 4. Bf4 Nf6 5. e3 d6 6. Nf3 Nbd7 7. Bg3 Rc8 8. Be2
Be7 9. O-O O-O 10. Qa4 a5 11. Rfd1 c5 12. d5 e5 13. Qc2 Ng4 14. h3 Nh6 15. Qd2
Nf6 16. Nh2 Nf5 17. Bg4 Nxg4 18. Nxg4 Nxg3 19. fxg3 Qd7 20. e4 Ba6 21. b3 b5
22. cxb5 Bxb5 23. Nxb5 Qxb5 24. Qe1 c4 25. bxc4 Rxc4 26. Rab1 Qa4 27. Nf2 Qxa2
28. Ra1 Qb3 29. Rd3 Qb4 30. Qd2 Qxd2 31. Rxd2 Bd8 32. Rb2 Rb4 33. Rxb4 axb4 34.
Nd3 Bb6+ 35. Kf1 Bc5 36. Rc1 Rc8 37. Nxe5 dxe5 38. d6 f6 39. d7 Rd8 40. Rxc5
Rxd7 41. Ke2 Rb7 42. Kd2 b3 43. Kc1 b2+ 44. Kb1 Kf7 45. Rc2 f5 46. exf5 Kf6 47.
g4 g6 48. Rc6+ Kg5 49. Re6 Rb5 50. f6 Rb7 51. Re7 Rb8 52. f7 Rf8 53. Rxe5+ Kf6
54. Re2 Rxf7 55. Kxb2 Kg5 56. g3 Rf3 57. Rg2 Kf6 58. Kc2 Ke5 59. Kd2 Ke4 60.
Re2+ Kd4 61. Re7 Rxg3 62. Rxh7 Rg2+ 63. Ke1 Ke3 64. Re7+ Kf3 65. Re6 Rh2 66.
Rxg6 Rxh3 1/2-1/2

[Event "Solingen-ch 2012"]
[Site "Solingen"]
[Date "2012.09.28"]
[Round "2.17"]
[White "Möller, Laura"]
[Black "Kaiser, Stephan"]
[Result "0-1"]
[WhiteElo "918"]
[BlackElo "1484"]
[PlyCount "66"]
[EventDate "2012.??.??"]
[WhiteTeam "SG Solingen"]
[BlackTeam "SG Solingen"]

1. c4 Nf6 2. Nc3 e6 3. b3 d5 4. g3 b6 5. Bg2 Bb7 6. Nf3 Bd6 7. O-O Nbd7 8. d4
O-O 9. Be3 c6 10. Qd3 Qe7 11. Rae1 Rfd8 12. cxd5 cxd5 13. Nb5 Ba6 14. a4 Rac8
15. Qd2 Bxb5 16. axb5 Bb4 17. Qd3 Bxe1 18. Rxe1 e5 19. dxe5 Nxe5 20. Nxe5 Qxe5
21. Bf3 Qc3 22. Qd1 Ne4 23. Bxe4 dxe4 24. Qb1 Qc2 25. Qa1 Qxb3 26. Qxa7 Qxb5
27. Bxb6 Rd7 28. Qa1 Qxb6 29. Qe5 Qb7 30. h4 h6 31. g4 Qd5 32. Qf4 Qd2 33. Qxd2
Rxd2 0-1

[Event "Solingen-ch 2012"]
[Site "Solingen"]
[Date "2012.09.28"]
[Round "2.18"]
[White "Mix, Lothar"]
[Black "Littek, Oliver"]
[Result "1-0"]
[WhiteElo "1456"]
[BlackElo "826"]
[PlyCount "67"]
[EventDate "2012.??.??"]
[WhiteTeam "SG Solingen"]
[BlackTeam "SG Solingen"]

1. e4 e5 2. Nf3 Nc6 3. Nc3 Bd6 4. d4 exd4 5. Nxd4 Nf6 6. Nxc6 bxc6 7. Bd3 O-O
8. O-O Re8 9. Bg5 Re6 10. Kh1 Bb7 11. f4 Be7 12. f5 Re5 13. Bf4 Rc5 14. e5 Nd5
15. Nxd5 Rxd5 16. f6 Bf8 17. Qg4 g6 18. h4 Bc8 19. h5 d6 20. Qg3 Qe8 21. Rae1
Rb8 22. exd6 Be6 23. dxc7 Ra8 24. hxg6 fxg6 25. Kg1 Bc5+ 26. Be3 Bd6 27. Qf3
Bxc7 28. Bf2 Ba5 29. c3 Rb8 30. Bc4 Rd6 31. Qf4 Bc7 32. Bxe6+ Rxe6 33. Qxc7
Rxb2 34. Qg7# 1-0

[Event "Solingen-ch 2012"]
[Site "Solingen"]
[Date "2012.09.28"]
[Round "2.20"]
[White "Wolf, Wieland"]
[Black "Schubert, Florian"]
[Result "1-0"]
[WhiteElo "1370"]
[BlackElo "750"]
[PlyCount "61"]
[EventDate "2012.??.??"]
[WhiteTeam "SG Solingen"]
[BlackTeam "SG Solingen"]

1. e4 e5 2. f4 exf4 3. Nf3 Nc6 4. Bc4 Bc5 5. c3 Nf6 6. d4 Bb6 7. O-O d5 8. exd5
Nxd5 9. Re1+ Be6 10. Bxd5 Qxd5 11. Bxf4 O-O 12. Kh1 Rae8 13. Qc2 Bf5 14. Qf2
Bc2 15. Na3 Bd3 16. Qg3 Ne7 17. Bh6 Nf5 18. Qg5 f6 19. Qg4 Nxh6 20. Qf4 Re4 21.
Qd2 Ba6 22. Rxe4 Qxe4 23. Re1 Qd5 24. b3 Qg5 25. Nxg5 fxg5 26. Qxg5 Be2 27. h3
Bd3 28. Re7 g6 29. Qxh6 Rf7 30. Re8+ Rf8 31. Qxf8# 1-0

[Event "Solingen-ch 2012"]
[Site "Solingen"]
[Date "2012.10.05"]
[Round "3.1"]
[White "Berg, Michael"]
[Black "Neumair, Jerome"]
[Result "1-0"]
[WhiteElo "2311"]
[BlackElo "2077"]
[PlyCount "73"]
[EventDate "2012.??.??"]
[WhiteTeam "SG Solingen"]
[BlackTeam "SG Solingen"]

1. d4 d5 2. c4 e6 3. Nf3 c6 4. g3 dxc4 5. Bg2 b5 6. Ne5 Bb7 7. Nc3 Nd7 8. Bf4
Nxe5 9. Bxe5 Qb6 10. O-O Rd8 11. e4 f6 12. d5 Bc5 13. Qg4 Kf8 14. Qf4 g5 15.
Qf3 Kg7 16. Qh5 Be7 17. Qxg5+ Kf8 18. Qf4 cxd5 19. Bc7 Qc6 20. Bxd8 Bxd8 21.
exd5 Qb6 22. dxe6 Bxg2 23. Kxg2 Qxe6 24. Qb8 Qb6 25. Qxb6 Bxb6 26. Nxb5 Ne7 27.
Rac1 Kf7 28. Nd6+ Kg7 29. Nxc4 Bc5 30. Rfd1 Rb8 31. Rd7 Kf8 32. Rcd1 Ke8 33.
Rc7 Rc8 34. Rdd7 Rxc7 35. Rxc7 Bd4 36. Nd6+ Kd8 37. Rxe7 1-0

[Event "Solingen-ch 2012"]
[Site "Solingen"]
[Date "2012.10.05"]
[Round "3.2"]
[White "Speck, Stefan"]
[Black "Kniest, Oliver"]
[Result "0-1"]
[WhiteElo "1994"]
[BlackElo "2289"]
[PlyCount "60"]
[EventDate "2012.??.??"]
[WhiteTeam "SC Solingen 1928"]
[BlackTeam "SG Solingen"]

1. d4 Nf6 2. Nf3 e6 3. e3 b6 4. Bd3 Bb7 5. O-O Be7 6. Qe2 c5 7. dxc5 bxc5 8. e4
c4 9. Bxc4 Nxe4 10. Nbd2 Nf6 11. Bd3 O-O 12. c4 Nc6 13. a3 a5 14. b3 d5 15. Bb2
Bd6 16. Rfe1 Re8 17. Qf1 Bf4 18. Rad1 d4 19. Bb1 e5 20. Ne4 Nxe4 21. Bxe4 Qb6
22. Qd3 g6 23. Bc1 Bxc1 24. Rxc1 f5 25. Bd5+ Kg7 26. Ng5 e4 27. Qh3 h5 28. Ne6+
Rxe6 29. Bxe6 Ne5 30. Rb1 Qxe6 0-1

[Event "Solingen-ch 2012"]
[Site "Solingen"]
[Date "2012.10.05"]
[Round "3.3"]
[White "Zolfagharian, Kevin"]
[Black "Lemanczyk, Thomas"]
[Result "0-1"]
[WhiteElo "1981"]
[BlackElo "2267"]
[PlyCount "52"]
[EventDate "2012.??.??"]
[WhiteTeam "SG Solingen"]
[BlackTeam "SF Gerresheim"]

1. e4 e6 2. d4 d5 3. Nc3 Nf6 4. Bg5 dxe4 5. Nxe4 Be7 6. Bxf6 gxf6 7. Nf3 f5 8.
Nc3 a6 9. Qe2 b5 10. O-O-O b4 11. Nb1 Qd5 12. h4 Bb7 13. Ne5 Nc6 14. c4 Qe4 15.
Qxe4 fxe4 16. Nxc6 Bxc6 17. Kd2 Rg8 18. Ke3 Rd8 19. Nd2 f5 20. Nb3 Bf8 21. Na5
Ba8 22. c5 e5 23. Bxa6 exd4+ 24. Ke2 d3+ 25. Ke1 Bxc5 26. Bb5+ Kf8 0-1

[Event "Solingen-ch 2012"]
[Site "Solingen"]
[Date "2012.10.05"]
[Round "3.4"]
[White "Falge, Rainer"]
[Black "Kappelt, Jörg"]
[Result "0-1"]
[WhiteElo "1721"]
[BlackElo "2174"]
[PlyCount "68"]
[EventDate "2012.??.??"]
[WhiteTeam "SG Solingen"]
[BlackTeam "SV 1922 Hilden"]

1. e4 g6 2. d4 Bg7 3. f4 c6 4. Nf3 d5 5. e5 Bg4 6. h3 Bxf3 7. Qxf3 e6 8. h4 h5
9. g3 Nh6 10. Bh3 Nd7 11. Qd3 Qe7 12. b3 Qb4+ 13. c3 Qb5 14. c4 dxc4 15. bxc4
Qb4+ 16. Nd2 O-O-O 17. Ba3 Qa5 18. O-O Nxe5 19. fxe5 Bxe5 20. Bb2 Nf5 21. Bxf5
gxf5 22. Nb3 Qc7 23. Rf3 Rhg8 24. Kf2 Bf6 25. Bc1 c5 26. Bf4 Qd7 27. Rd1 cxd4
28. Nc5 Qc6 29. Qa3 Be7 30. Qxa7 Bxc5 31. Qb8+ Kd7 32. Qe5 Ke8 33. Rdd3 Bd6 34.
Qxd4 Bc5 0-1

[Event "Solingen-ch 2012"]
[Site "Solingen"]
[Date "2012.10.05"]
[Round "3.5"]
[White "Mentzel, Markus"]
[Black "Rist, Kurt"]
[Result "1-0"]
[WhiteElo "1874"]
[BlackElo "1665"]
[PlyCount "77"]
[EventDate "2012.??.??"]
[WhiteTeam "vereinslos"]
[BlackTeam "SG Solingen"]

1. d4 f5 2. g3 Nf6 3. Bg2 g6 4. Nf3 h6 5. c4 Bg7 6. Nc3 Nc6 7. Rb1 d6 8. b4 O-O
9. O-O Qe8 10. Nb5 Qd7 11. Qb3 Kh7 12. Bb2 g5 13. d5 Nd8 14. Qc2 a6 15. Nbd4
Ne4 16. Nd2 Nxd2 17. Qxd2 Qe8 18. e4 f4 19. f3 Be5 20. g4 e6 21. Rf2 Qg6 22.
Rc1 h5 23. h3 Bd7 24. Bf1 hxg4 25. hxg4 Rh8 26. Rh2+ Kg8 27. Rxh8+ Bxh8 28. c5
Nf7 29. cxd6 cxd6 30. dxe6 Bxe6 31. Nxe6 Qxe6 32. Bc4 Qe7 33. Bxh8 Kxh8 34.
Bxf7 Qxf7 35. Qxd6 Qg7 36. Rc2 Qa1+ 37. Kg2 Qg7 38. e5 Qh7 39. Rc7 1-0

[Event "Solingen-ch 2012"]
[Site "Solingen"]
[Date "2012.10.05"]
[Round "3.6"]
[White "Nink, Niklas"]
[Black "Boschek, Dr. Hans-Joachim"]
[Result "0-1"]
[WhiteElo "978"]
[BlackElo "1931"]
[PlyCount "36"]
[EventDate "2012.??.??"]
[WhiteTeam "SG Solingen"]
[BlackTeam "SV 1922 Hilden"]

1. e4 c5 2. Nc3 Nc6 3. f4 e6 4. Bc4 Nge7 5. e5 d5 6. exd6 Nf5 7. Nb5 Nxd6 8.
Nxd6+ Bxd6 9. d3 b5 10. Bxb5 Qa5+ 11. Bd2 Qxb5 12. b3 Nd4 13. Nf3 Bb7 14. Nxd4
cxd4 15. O-O O-O 16. Qe2 Qf5 17. c3 dxc3 18. Bxc3 Qc5+ 0-1

[Event "Solingen-ch 2012"]
[Site "Solingen"]
[Date "2012.10.05"]
[Round "3.7"]
[White "Görke, Joachim"]
[Black "Nettekoven, Dr. Wolfgang"]
[Result "1-0"]
[WhiteElo "2149"]
[BlackElo "1776"]
[PlyCount "79"]
[EventDate "2012.??.??"]
[WhiteTeam "SG Solingen"]
[BlackTeam "Pulheimer SC"]

1. e4 c5 2. Nc3 d6 3. f4 Nf6 4. Nf3 a6 5. a4 g6 6. Bc4 Bg7 7. d3 Nc6 8. O-O Bg4
9. h3 Bd7 10. e5 Ng8 11. Bxf7+ Kxf7 12. e6+ Ke8 13. exd7+ Kxd7 14. Ng5 Nh6 15.
Nce4 Qb6 16. c3 Rae8 17. Be3 Nf5 18. Bf2 a5 19. g4 h6 20. Nf3 e5 21. gxf5 gxf5
22. Ng3 e4 23. dxe4 fxe4 24. Nf5 Re6 25. N3h4 h5 26. Nxg7 Rg8 27. Nhf5 Rg6+ 28.
Kh1 R8xg7 29. Nxg7 Rxg7 30. Qxh5 Ne7 31. b4 axb4 32. cxb4 Qxb4 33. Rab1 Qc4 34.
Rxb7+ Kc6 35. Rfb1 Qa6 36. Bxc5 Nd5 37. R7b6+ Nxb6 38. Rxb6+ Qxb6 39. Bxb6 Kxb6
40. Qd5 1-0

[Event "Solingen-ch 2012"]
[Site "Solingen"]
[Date "2012.10.05"]
[Round "3.8"]
[White "Winkler, Fabian"]
[Black "Brinkmann, Katharina"]
[Result "1/2-1/2"]
[WhiteElo "1976"]
[BlackElo "1545"]
[PlyCount "56"]
[EventDate "2012.??.??"]
[WhiteTeam "SG Solingen"]
[BlackTeam "SF Köln-Mülheim"]

1. Nf3 e6 2. b3 d5 3. Bb2 Nf6 4. d3 c5 5. Nbd2 d4 6. g3 Nc6 7. Bg2 Be7 8. O-O
O-O 9. e4 e5 10. h3 Bd6 11. Ne1 g6 12. Nc4 b5 13. Nxd6 Qxd6 14. f4 Bd7 15. Bc1
Nh5 16. Qf3 Ng7 17. g4 f5 18. exf5 gxf5 19. Qd5+ Qxd5 20. Bxd5+ Kh8 21. Bxc6
Bxc6 22. fxe5 fxg4 23. hxg4 Rxf1+ 24. Kxf1 Ne6 25. Bh6 Rg8 26. Kf2 Rg6 27. Bd2
Rxg4 28. Nf3 Nf4 1/2-1/2

[Event "Solingen-ch 2012"]
[Site "Solingen"]
[Date "2012.10.05"]
[Round "3.9"]
[White "Große-Hering, Peter"]
[Black "Mix, Lothar"]
[Result "1-0"]
[WhiteElo "1928"]
[BlackElo "1456"]
[PlyCount "87"]
[EventDate "2012.??.??"]
[WhiteTeam "SV Horst-Emscher 31"]
[BlackTeam "SG Solingen"]

1. Nf3 d5 2. g3 Nc6 3. Bg2 e5 4. d3 Be7 5. Nbd2 Nf6 6. O-O O-O 7. e4 d4 8. Nc4
Bg4 9. h3 Bxf3 10. Qxf3 a6 11. a3 b5 12. Nd2 Nd7 13. Qg4 Nf6 14. Qe2 h6 15. f4
Nh7 16. Nf3 exf4 17. gxf4 Re8 18. b3 Rb8 19. Bb2 a5 20. Qf2 f6 21. Nh4 Nf8 22.
Nf5 Ne6 23. Qg3 Kh8 24. Rae1 Bf8 25. Qg4 Ne7 26. Nxh6 gxh6 27. Qxe6 Qd6 28.
Qxd6 cxd6 29. Bxd4 Bg7 30. Bf3 Rbc8 31. c4 bxc4 32. dxc4 Rb8 33. Rb1 Nc6 34.
Bc3 Rec8 35. Rfd1 f5 36. Bxg7+ Kxg7 37. Rxd6 Ne7 38. Kf2 a4 39. Rg1+ Kf8 40.
Bh5 Ng8 41. Rd7 Ne7 42. Rd6 Rc6 43. Rxc6 axb3 44. Rf6# 1-0

[Event "Solingen-ch 2012"]
[Site "Solingen"]
[Date "2012.10.05"]
[Round "3.11"]
[White "Porstmann, Jan"]
[Black "Kaiser, Stephan"]
[Result "1-0"]
[WhiteElo "1894"]
[BlackElo "1484"]
[PlyCount "47"]
[EventDate "2012.??.??"]
[WhiteTeam "SG Solingen"]
[BlackTeam "SG Solingen"]

1. e4 e5 2. Nf3 Nc6 3. Bc4 Bc5 4. c3 Nf6 5. d3 d6 6. Bb3 Bg4 7. Nbd2 O-O 8. O-O
h6 9. Re1 a6 10. Nf1 Qd7 11. h3 Be6 12. Ng3 Rfe8 13. Nh4 Ne7 14. Qf3 c6 15.
Bxh6 gxh6 16. Qxf6 Kh7 17. Nhf5 Nxf5 18. Nxf5 Bxf5 19. exf5 Re7 20. Re4 Qe8 21.
Rh4 Qf8 22. Bxf7 Rxf7 23. Qg6+ Kh8 24. Rxh6+ 1-0

[Event "Solingen-ch 2012"]
[Site "Solingen"]
[Date "2012.10.05"]
[Round "3.12"]
[White "Maj, Kornel"]
[Black "Vranidis, Athanassios"]
[Result "1/2-1/2"]
[WhiteElo "1755"]
[BlackElo "1870"]
[PlyCount "40"]
[EventDate "2012.??.??"]
[WhiteTeam "ESG 1851"]
[BlackTeam "SG Solingen"]

1. e4 c5 2. Nf3 d6 3. Bb5+ Bd7 4. Bxd7+ Nxd7 5. O-O Ngf6 6. Re1 e6 7. c3 Be7 8.
d4 cxd4 9. cxd4 O-O 10. Nc3 Nb6 11. Qd3 Rc8 12. Bg5 h6 13. Bh4 Nh5 14. Bxe7
Qxe7 15. Ne2 Nf6 16. Rac1 d5 17. e5 Ne4 18. Ng3 Nxg3 19. hxg3 Qb4 20. Qb3 Qxb3
1/2-1/2

[Event "Solingen-ch 2012"]
[Site "Solingen"]
[Date "2012.10.05"]
[Round "3.14"]
[White "Müller, Ernst"]
[Black "Sherif, Amina"]
[Result "1-0"]
[WhiteElo "1528"]
[BlackElo "1565"]
[PlyCount "199"]
[EventDate "2012.??.??"]
[WhiteTeam "SG Solingen"]
[BlackTeam "SG Solingen"]

1. e4 c5 2. Nf3 d6 3. d4 cxd4 4. Nxd4 Nf6 5. Nc3 a6 6. Be2 e5 7. Nf3 Be6 8. O-O
Be7 9. Ng5 Bd7 10. f4 h6 11. fxe5 dxe5 12. Nf3 Nc6 13. a3 Bc5+ 14. Kh1 b5 15.
Ne1 O-O 16. Nd3 Bd4 17. Qe1 Bxc3 18. bxc3 Nxe4 19. Bd1 Nd6 20. Nc5 Bf5 21. Qf2
Bg6 22. Bf3 e4 23. Bg4 Ne5 24. Bh3 Qb6 25. Be3 Ndc4 26. Bd4 Qc7 27. Bf5 Bxf5
28. Qxf5 e3 29. Rfe1 Rfe8 30. Ne4 Nd7 31. Qg4 Nde5 32. Nf6+ Kh8 33. Nxe8 Rxe8
34. Qg3 Qe7 35. Re2 Ng6 36. Rae1 Qxa3 37. h4 Nge5 38. Qf4 f6 39. Qe4 a5 40. Qd5
Qb2 41. Bxe3 Qxc3 42. Qxb5 Rd8 43. Qb3 Qb4 44. Qxb4 axb4 45. Bc5 Rb8 46. Rb1
Nc6 47. Re6 N6e5 48. Bd6 Rb6 49. Re8+ Kh7 50. Bc5 Rb5 51. Bf8 Ng6 52. Rxb4 Rxb4
53. Bxb4 Nce5 54. g3 Ng4 55. Be1 N6e5 56. Rc8 Nf3 57. Bb4 Nfe5 58. Rc7 Ne3 59.
Bf8 Nf5 60. Kg2 Ng6 61. Bc5 h5 62. c3 Ne5 63. Bf2 Nd6 64. Bd4 Ng4 65. c4 Nf5
66. Bg1 Ne5 67. c5 Kg8 68. Rb7 Kf8 69. Rb6 Ne7 70. Bd4 N5c6 71. Bf2 Kf7 72. Kf3
Ke6 73. Ke4 Kd7 74. Be3 Ke6 75. Bf4 f5+ 76. Kd3 Kd5 77. Bd6 Nc8 78. Rb7 Nxd6
79. cxd6 Kxd6 80. Rxg7 Ne5+ 81. Ke3 Ng4+ 82. Kf4 Ke6 83. Ra7 Kf6 84. Ra6+ Kg7
85. Kxf5 Nf2 86. Rg6+ Kh7 87. Re6 Nh1 88. Kf4 Nf2 89. Kg5 Nh1 90. Re3 Nf2 91.
Kxh5 Nh1 92. g4 Nf2 93. Re7+ Kg8 94. g5 Nd3 95. Kg4 Nc5 96. h5 Kf8 97. Ra7 Ne6
98. h6 Kg8 99. Kf5 Nd4+ 100. Kg6 1-0

[Event "Solingen-ch 2012"]
[Site "Solingen"]
[Date "2012.10.05"]
[Round "3.15"]
[White "Barche, Robert"]
[Black "Nguyen, Philipp"]
[Result "0-1"]
[WhiteElo "1107"]
[BlackElo "1527"]
[PlyCount "52"]
[EventDate "2012.??.??"]
[WhiteTeam "SG Solingen"]
[BlackTeam "SG Solingen"]

1. c4 Nf6 2. g3 g6 3. Bg2 Bg7 4. d3 d6 5. Nc3 e5 6. e4 O-O 7. Nge2 Nc6 8. Be3
Ng4 9. Nd5 Nxe3 10. Nxe3 Be6 11. O-O Ne7 12. Rc1 f5 13. Bh3 Qd7 14. f4 Bh6 15.
b3 fxe4 16. Bxe6+ Qxe6 17. dxe4 exf4 18. Nxf4 Qxe4 19. Qf3 Qxf3 20. Rxf3 g5 21.
Ng4 Bg7 22. Rcf1 gxf4 23. gxf4 Nf5 24. h4 h5 25. Ne3 Nxe3 26. Rxe3 Bd4 0-1

[Event "Solingen-ch 2012"]
[Site "Solingen"]
[Date "2012.10.05"]
[Round "3.16"]
[White "Kopernok, Ingo"]
[Black "Weyer, Norbert"]
[Result "0-1"]
[WhiteElo "824"]
[BlackElo "1519"]
[PlyCount "108"]
[EventDate "2012.??.??"]
[WhiteTeam "SG Solingen"]
[BlackTeam "Mettmann-Sport"]

1. e4 c5 2. Nf3 d6 3. d4 cxd4 4. Nxd4 Nf6 5. Bd3 Nc6 6. Nxc6 bxc6 7. O-O Bb7 8.
Nc3 g6 9. Qe2 Qc7 10. Bg5 Bg7 11. Qe3 O-O 12. Bxf6 Bxf6 13. Qh3 Rab8 14. Rab1
a6 15. Ne2 Bc8 16. g4 Bxb2 17. Ng3 Bd4 18. Kh1 Rxb1 19. Rxb1 Bxf2 20. Qg2 Bxg3
21. Qxg3 Qa5 22. Ra1 Qg5 23. h3 e5 24. Qg2 a5 25. Rf1 Be6 26. a3 d5 27. Kh2 f5
28. exd5 cxd5 29. Qf2 e4 30. Ba6 Qd8 31. Qg3 Qb8 32. Qxb8 Rxb8 33. Kg3 Rb6 34.
Be2 Rb2 35. Rc1 Ra2 36. gxf5 Rxa3+ 37. Kf4 gxf5 38. Ke5 Bf7 39. Kxf5 Rxh3 40.
Kf6 Rh6+ 41. Kg5 Rg6+ 42. Kf5 Kg7 43. c4 dxc4 44. Bxc4 Bxc4 45. Rxc4 e3 46. Re4
Rf6+ 47. Kg5 h6+ 48. Kg4 Kg6 49. Rxe3 h5+ 50. Kg3 Kg5 51. Kh3 h4 52. Ra3 Rf5
53. Ra4 Rb5 54. Rxh4 Rb3+ 0-1

[Event "Solingen-ch 2012"]
[Site "Solingen"]
[Date "2012.10.05"]
[Round "3.17"]
[White "Sherif, Malik"]
[Black "Kirschbaum, Alexander"]
[Result "1/2-1/2"]
[WhiteElo "1361"]
[BlackElo "1450"]
[PlyCount "43"]
[EventDate "2012.??.??"]
[WhiteTeam "SG Solingen"]
[BlackTeam "SG Solingen"]

1. Nf3 Nf6 2. g3 g6 3. Bg2 Bg7 4. O-O O-O 5. c4 d6 6. d4 Nbd7 7. Nc3 e5 8. d5
Re8 9. e4 Nc5 10. Re1 a5 11. Qc2 Nh5 12. Be3 f5 13. Bxc5 dxc5 14. Nd2 fxe4 15.
Bxe4 Bd7 16. Nb3 Qe7 17. Qe2 Nf6 18. Rad1 Rf8 19. f3 a4 20. Nc1 Ne8 21. Nd3 a3
22. b3 1/2-1/2

[Event "Solingen-ch 2012"]
[Site "Solingen"]
[Date "2012.10.05"]
[Round "3.18"]
[White "Ehringfeld, Michael"]
[Black "Möller, Laura"]
[Result "1-0"]
[WhiteElo "1367"]
[BlackElo "918"]
[PlyCount "61"]
[EventDate "2012.??.??"]
[WhiteTeam "SG Solingen"]
[BlackTeam "SG Solingen"]

1. d4 d5 2. Nf3 Nc6 3. e3 Nf6 4. c4 e6 5. Bd3 Be7 6. a3 O-O 7. Nc3 b6 8. cxd5
exd5 9. Qc2 h6 10. Bd2 Be6 11. O-O Qd7 12. Rac1 Nd8 13. Ne5 Qc8 14. b4 Bd6 15.
Nb5 Ne8 16. Nxd6 Nxd6 17. Qxc7 Qxc7 18. Rxc7 f6 19. Ng6 Re8 20. Rfc1 N8f7 21.
Nf4 Ng5 22. Bg6 Rf8 23. h4 Bf7 24. hxg5 hxg5 25. Bxf7+ Nxf7 26. Nxd5 Kh7 27. g3
Kg6 28. Ne7+ Kh5 29. Kg2 Nd6 30. Rh1+ Kg4 31. f3# 1-0

[Event "Solingen-ch 2012"]
[Site "Solingen"]
[Date "2012.10.05"]
[Round "3.19"]
[White "Littek, Oliver"]
[Black "Barche, Uwe"]
[Result "0-1"]
[WhiteElo "826"]
[BlackElo "1112"]
[PlyCount "118"]
[EventDate "2012.??.??"]
[WhiteTeam "SG Solingen"]
[BlackTeam "SG Solingen"]

1. e4 e6 2. Nf3 d5 3. d3 c5 4. Be2 Nf6 5. e5 Nfd7 6. O-O Nc6 7. d4 cxd4 8. Bg5
Be7 9. Bxe7 Qxe7 10. Qd2 Ndxe5 11. Qg5 f6 12. Qd2 O-O 13. Nxd4 a6 14. Nc3 b5
15. Nxc6 Nxc6 16. Bd3 Ne5 17. Rfe1 Bb7 18. Re3 d4 19. Rh3 f5 20. Re1 Nxd3 21.
cxd3 dxc3 22. Qe2 Bd5 23. Qh5 h6 24. bxc3 Qf7 25. Rb1 Qxh5 26. Rxh5 Bxa2 27.
Re1 Rae8 28. Re3 Rf6 29. Re1 Bd5 30. g3 Rc8 31. Ra1 Ra8 32. Rh4 Kh7 33. Rb4 g5
34. c4 bxc4 35. dxc4 Be4 36. c5 Kg6 37. Rc4 e5 38. Rac1 Rc6 39. Re1 Kf6 40. Rd1
Rb8 41. h3 Ke6 42. Re1 Rbc8 43. Rec1 a5 44. Kf1 a4 45. Rxa4 Rxc5 46. Rxc5 Rxc5
47. Ke2 Kd5 48. f3 Bc2 49. Ra8 f4 50. gxf4 exf4 51. Rh8 Rc6 52. Rd8+ Rd6 53.
Ra8 Ke5 54. Re8+ Re6 55. Rc8 Kf6+ 56. Kd2 Bf5 57. Rh8 Ke5 58. Rc8 Rd6+ 59. Ke2
Bxc8 0-1

[Event "Solingen-ch 2012"]
[Site "Solingen"]
[Date "2012.10.05"]
[Round "3.20"]
[White "Schubert, Florian"]
[Black "Schubert, Stefan"]
[Result "0-1"]
[WhiteElo "750"]
[BlackElo "983"]
[PlyCount "80"]
[EventDate "2012.??.??"]
[WhiteTeam "SG Solingen"]
[BlackTeam "SG Solingen"]

1. e4 e5 2. Nf3 d6 3. d4 Nd7 4. d5 Nc5 5. Nc3 Nf6 6. Bb5+ Bd7 7. Bxd7+ Qxd7 8.
Ng5 h6 9. Nf3 Ncxe4 10. Nxe4 Nxe4 11. Qe2 Nf6 12. Nd4 Nxd5 13. b3 Be7 14. Nb5
a6 15. Na3 Nf4 16. Qe4 Qc6 17. Qxc6+ bxc6 18. Bxf4 exf4 19. O-O O-O 20. Rfe1
Rae8 21. Nc4 Bf6 22. Na5 Bxa1 23. Rxa1 c5 24. Nc6 Re2 25. c4 Rfe8 26. Kf1 g5
27. a3 Rb2 28. b4 Ree2 29. b5 Rxf2+ 30. Ke1 axb5 31. cxb5 Rbe2+ 32. Kd1 Rf1+
33. Kxe2 Rxa1 34. Ne7+ Kf8 35. Ng6+ Ke8 36. h4 gxh4 37. Nxf4 Rxa3 38. Nd5 Kd7
39. Nf6+ Kc8 40. Nd5 Rb3 0-1

[Event "Solingen-ch 2012"]
[Site "Solingen"]
[Date "2012.10.26"]
[Round "4.1"]
[White "Kappelt, Jörg"]
[Black "Berg, Michael"]
[Result "1-0"]
[WhiteElo "2174"]
[BlackElo "2311"]
[PlyCount "99"]
[EventDate "2012.??.??"]
[WhiteTeam "SV 1922 Hilden"]
[BlackTeam "SG Solingen"]

1. d4 Nf6 2. c4 g6 3. Nc3 Bg7 4. e4 d6 5. f4 O-O 6. Nf3 c5 7. d5 e6 8. e5 dxe5
9. fxe5 Ng4 10. Bg5 Qa5 11. Be2 exd5 12. cxd5 Nxe5 13. O-O c4 14. Kh1 Nbd7 15.
Qd2 Nxf3 16. Bxf3 Ne5 17. Be4 Bd7 18. Be7 Rfe8 19. d6 Rab8 20. Qf4 Be6 21. Rad1
Nd7 22. Rd5 Qa6 23. Nb5 Qxa2 24. Nc7 Rf8 25. Rdd1 c3 26. bxc3 Qc4 27. Qe3 Qxc3
28. Qxa7 Qc4 29. Qe3 Bg4 30. Rde1 Qc3 31. Qg5 h5 32. Qh4 Qd4 33. h3 Nc5 34.
hxg4 Nxe4 35. gxh5 Nc5 36. Rf4 Qd3 37. h6 Bc3 38. h7+ Kg7 39. Bg5 Nd7 40. Ref1
f6 41. Bh6+ Kh8 42. R4f3 Qe2 43. Qg3 Kxh7 44. Bxf8 Nxf8 45. Qg4 Qe5 46. Qh3+
Kg7 47. Rxc3 Qxd6 48. Qd3 Qe5 49. Qe3 Qh5+ 50. Kg1 1-0

[Event "Solingen-ch 2012"]
[Site "Solingen"]
[Date "2012.10.26"]
[Round "4.2"]
[White "Kniest, Oliver"]
[Black "Lemanczyk, Thomas"]
[Result "1-0"]
[WhiteElo "2289"]
[BlackElo "2267"]
[PlyCount "53"]
[EventDate "2012.??.??"]
[WhiteTeam "SG Solingen"]
[BlackTeam "SF Gerresheim"]

1. d4 Nf6 2. c4 e6 3. Nc3 Bb4 4. a3 Bxc3+ 5. bxc3 d6 6. f3 c5 7. e4 e5 8. Bd3
Nc6 9. Ne2 h6 10. O-O g5 11. Be3 b6 12. Ng3 Na5 13. Nf5 Bxf5 14. exf5 Rc8 15.
Qe2 Kf8 16. Bf2 Qc7 17. dxe5 dxe5 18. Bg3 Re8 19. Rfe1 Nc6 20. Bc2 Re7 21. Rad1
Kg7 22. Ba4 Rhe8 23. Rd5 Kh7 24. Red1 Rd7 25. Rxd7 Nxd7 26. f6 Nf8 27. Qe4+ 1-0